IFM Opac

The game of budget control (Record no. 13149)

MARC details
000 -LEADER
fixed length control field 00325nam a22001337a 4500
020 ## - INTERNATIONAL STANDARD BOOK NUMBER
International Standard Book Number 422 73110 2
082 ## - DEWEY DECIMAL CLASSIFICATION NUMBER
Classification number 658.154HOF
100 ## - MAIN ENTRY--PERSONAL NAME
Personal name Hofstede G.H
245 ## - TITLE STATEMENT
Title The game of budget control
260 ## - PUBLICATION, DISTRIBUTION, ETC.
Place of publication, distribution, etc. London
Name of publisher, distributor, etc. Tavistock Publication
Date of publication, distribution, etc. 1968
300 ## - PHYSICAL DESCRIPTION
Extent 363p
Other physical details ill,;18cm
500 ## - GENERAL NOTE
General note Include Appendix, Index
942 ## - ADDED ENTRY ELEMENTS (KOHA)
Koha item type Books
Holdings
Withdrawn status Lost status Damaged status Not for loan Home library Current library Shelving location Date acquired Total Checkouts Full call number Barcode Date last seen Price effective from Koha item type
        IFM Main Campus Library IFM Main Campus Library General Collection 10/28/2015   658.154HOF 0000008286 10/28/2015 10/28/2015 Books